Avatar the Last Airbender Ultimate Quiz - Statistics

General Stats
  • This quiz has been taken 138 times
  • The average score is 88 of 244
Answer Stats
Episode Question Answer % Correct
1 What is the name of the current Avatar? Avatar Aang
99%
1 Name one of the siblings who found the Avatar. Katara / Sokka
98%
1 Who is the exiled prince attempting to capture the Avatar? Prince Zuko
98%
2 What is the name of the Avatar's pet "flying" bison? Appa
95%
2 What is the name of the prince's uncle? Uncle Iroh
93%
2 What is the phrase that will make above fly? Yip Yip
88%
3 What name was given to the winged lemur found by the Avatar? Momo
87%
5 Who is the crazy King of Omashu? King Bumi
86%
4 Who is the leader of the Kyoshi Warriors? Suki
85%
4 Who was the Earth Avatar who came before the current Avatar? Avatar Kyoshi
84%
1 Name of Episode 1 The Boy in the Iceberg
79%
3 What was the name of the Avatar's previous mentor? Monk Gyatso
70%
10 Name one Freedom Fighter. Jet / Smellerbee / Longshot / The Duke / Pipsqueak / Sneers
67%
12 Who gave Prince Zuko his scar? His father, Fire Lord Ozai
66%
12 How old was Aang when he found out that he was the Avatar? 12
65%
3 What Airbending move did the Avatar invent? Airscooter
60%
6 Who is the Earthbender who was arrested for Earthbending to save an old man? Haru
60%
4 What is the name of the eel-like creature living near Kyoshi Island? The Unagi
58%
9 What is the Pai Sho tile that Iroh is missing? The White Lotus Tile
58%
7 What part of Iroh's body is almost destroyed by soldiers for being too "dangerous"? His hands
56%
8 Who is the leader of the blockade that attempts to stop Aang from entering the Fire Nation? Commander Zhao
55%
3 Name of Episode 3 The Southern Air Temple
55%
4 Name of Episode 4 The Warriors of Kyoshi
54%
28 What is the name of Azula's friend who is an expert knife thrower? Mai
53%
23 What is the name of Zuko's sister? Princess Azula
53%
18 What was the name of the Princess of the Northern Water Tribe? Princess Yue
53%
26 What is the real name of the "Blind Bandit"? Toph Beifong
53%
20 Who became the Moon Slayer? Admiral Zhao
52%
21 What Nation was this General from? Earth Kingdom
52%
28 What is the name of Azula's friend who is very acrobatic? Ty Lee
52%
25 Which Avatar killed Chin the Conqueror? Avatar Kyoshi
51%
13 What position was Commander Zhao promoted to? Admiral
50%
46 What killed Avatar Roku? An erupting volcano / Sozin's betrayal
50%
5 Complete the quote: "Not my _________!" Cabbages
50%
46 Avatar Roku is Zuko's Great Grandfather, but on which parent's side? His mother's side (Ursa)
50%
18 What is the name of the Waterbending master who Katara wants to learn from? Master Pakku
50%
7 How frequently was this spirit attacking the village? Once every night
50%
34 Complete the quote: "There is no ___ in Ba Sing Se". War
50%
48 What sadistic form of Waterbending was invented by above? Bloodbending
49%
46 Who started the war 100 years ago? Fire Lord Sozin
49%
43 Which one of Aang's friends was impersonating the Painted Lady and helping the sick people in the village? Katara
49%
38 Who do Azula and her friends disguise themselves as to break into Ba Sing Se? Kyoshi Warriors
49%
39 What new style of Earthbending does Toph discover and use? Metalbending
49%
41 When Azula told Fire Lord Ozai that the Avatar was dead, who did she say had killed him? Zuko
49%
12 What job does Sokka try to earn money? Fishing
48%
61 Who does Aang end up in a relationship with? Katara
48%
26 Name a competitor in the Earth Rumble VI. The Boulder / The Hippo / Fire Nation Man /The Gopher / The Gecko / Headhunter / The Blind Bandit
48%
52 Who did Zuko accidentally burn? Toph
48%
47 What material is the cage that held Katara and Toph made out of? Wood
48%
40 Who becomes the new leader of the Dai Li after outplaying Long Feng? Azula
47%
31 What did Sokka drink that made him go crazy? Cactus Juice
47%
15 What is the name of Katara and Sokka's father? Hakoda
47%
48 What is the name of the old lady who originally came from the Southern Water Tribe? Hama
47%
52 What weapon did Sokka use to Chi Block Combustion man? His Boomerang
47%
34 What is the secret police force of Ba Sing Se called? The Dai Li
47%
11 Name of Episode 11 The Great Divide
47%
55 True or False: Was Azula betrayed by Mai and Ty Lee at this prison? True
47%
37 Who freed Appa from below Lake Laogai? Zuko
47%
60 Who does Azula see in the mirror while she is trying to cut her hair? Her mother, Ursa
46%
32 What was Ying and Than's baby named? Hope
46%
51 What does the Fire Lord shoot at Zuo the second that the Eclipse ends? Lightning
46%
44 What did Sokka choose to create a sword out of? Meteorite
46%
37 Which group had brainwashed Jet? The Dai Li / Long Feng
46%
57 What side is Zuko's scar actually on? The Right Side
46%
9 What is the Waterbending move that Katara cannot figure out? The Water Whip
46%
45 What is the nickname given to the assassin hired by Zuko? Combustion Man
45%
21 Who did Aang want to become his Earthbending teacher? King Bumi
45%
59 Name one of the past Avatars that Aang met whilst seeking guidance on how to defeat Fire Lord Ozai? Roku / Kyoshi / Kuruk / Yangchen
45%
2 Name of Episode 2 The Avatar Returns
45%
35 Which characters have a Tale in this episode? Toph & Katara / Iroh / Aang / Sokka / Zuko / Momo
45%
24 What type of Benders are the Foggy Swamp people? Waterbenders
45%
49 In Aang's dream where Momo and Appa are dueling, how many arms does Guru Pathik have? 6
44%
53 What colour is Shaw believed to be? Blue
44%
60 Name one of the members of the above Secret Society who go to liberate Ba Sing Se. Iroh / Pakku / Jeong Jeong / Piandao / Bumi
44%
33 Who discovered that Zuko and Iroh are Firebenders? Jet
44%
24 Who does Sokka see in his vision? Princess Yue
44%
53 What colour is Ran believed to be? Red
44%
54 Who do Sokka and Zuko find at this prison to their surprise? Suki
43%
54 What is the name of the most remote, inescapable Fire Nation prison? The Boiling Rock
43%
31 What group kidnapped Appa? The Sandbenders
43%
58 Who decides to go on a "Field Trip" with Zuko after Aang goes missing? Toph
43%
27 What was the name of Zuko's mother? Ursa
43%
40 What healed Aang after technically being killed by Azula? Water from the Spirit Oasis
43%
10 Name of Episode 10 Jet
42%
36 Who captured Appa in Ba Sing Se? Long Feng
42%
32 Who does that gaang meet at the ferry station to their surprise? Suki
42%
59 What is the name of the secret society that transcends the four nations? The Order of the White Lotus
42%
59 What giant creature was Aang riding on while he was communicating with past Avatars? A Lion Turtle
41%
55 Who is the Warden of the Prison related to? Mai
41%
5 Name of Episode 5 The King of Omashu
41%
16 Who was above's past pupil? Admiral Zhao
40%
45 Where are Zuko, Azula, Mai and Ty Lee sent for a vacation? Ember Island
40%
5 What is the name of the kings pet? Flopsy
40%
7 What is the name of the Black and White spirit? Hei Bai
40%
26 Name of Episode 26 The Blind Bandit
40%
37 What did Zuko let go of above Lake Laogai? The Blue Spirit Mask
40%
39 What is the name of the guru who attempted to help Aang master the Avatar State? Guru Pathik
39%
16 What is the name of the Firebender who hates fire? Jeong Jeong
39%
23 What was Omashu renamed to after the it was captured by the Fire Nation? New Ozai
39%
25 Name of Episode 25 Avatar Day
38%
55 Who did Sokka and Zuko successfully save from this prison? Hakoda
38%
52 Name one of the three extra people who escaped to the Western Air Temple with the gaang. Haru / Teo / The Duke
38%
41 Name one of the two Freedom Fighters who were with the gaang on the Fire Navy Ship. The Duke / Pipsqueak
38%
58 What was the name of the training dummy, in place of Ozai, created by Sokka? The Melon Lord
38%
35 Name of Episode 35 The Tales of Ba Sing Se
38%
38 What is the name of the Earth King's bear? Bosco
37%
42 What fake name does Aang create when he is forced to attend the school? Kuzon
37%
18 Who does Admiral Zhao hire to assassinate Zuko? Pirates
37%
22 What is the song sung by the nomads? Secret Tunnel
37%
13 Name of Episode 13 The Blue Spirit
37%
43 Name of Episode 43 The Painted Lady
37%
56 What was the name of the Fire Nation group who attacked the South Pole, kidnapping Waterbenders? The Southern Raiders
37%
53 What is the name of the tribe who use the power of the Sun to Firebend? The Sun Warriors
37%
15 What is the name of the Bounty Hunter hired by Zuko to track down Aang? June
36%
37 Name of Episode 37 Lake Laogai
36%
29 What Firebending move did Iroh invent? Lightning Re-Direction
36%
45 Name of Episode 45 The Beach
36%
8 What island are Aang and his friends aiming to reach? The Crescent Island
36%
14 Name of Episode 14 The Fortuneteller
36%
39 Name of Episode 39 The Guru
36%
30 Name of Episode 30 The Library
36%
24 Name of Episode 24 The Swamp
36%
27 Name of Episode 27 Zuko, Alone
36%
6 Name of Episode 6 Imprisoned
35%
20 What is the name of the Ocean Spirit? La
35%
35 What was the name of Iroh's son? Lu Ten
35%
33 What is Ba Sing Se not called? Na Sing Se
35%
50 Which two Earth Rumble VI wrestlers joined the Invasion Force? The Boulder and The Hippo
35%
17 Name of Episode 17 The Northern Air Temple
35%
30 Who is the spirit who knows 10,000 things? Wan Shi Tong
35%
7 Name of Episode 7 Winter Solstice Part 1: The Spirit World
35%
36 What fruit is used to bond with a Sky Bison? An Apple
34%
36 Name of Episode 36 Appa's Lost Days
34%
47 What does Sokka name his new Messenger Hawk? Hawky
34%
58 Who does Zuko find to help track down Aang? June
34%
51 Which group did Azula use to stall Sokka, Aang and Toph? The Dai Li
34%
47 What becomes Toph's new criminal nickname? The Runaway
34%
12 Name of Episode 12 The Storm
34%
34 Who said this quote? Joo Dee
33%
56 What was the name of Katara and Sokka's mother? Kya
33%
9 Name of Episode 9 The Waterbending Scroll
33%
52 Name of Episode 52 The Western Air Temple
33%
42 Name the fake name that either Katara or Sokka used. Wang Fire / Sapphire Fire
33%
8 Name of Episode 8 Winter Solstice Part 2: Avatar Roku
33%
21 Name of Episode 21 The Avatar State
32%
33 Name of Episode 33 The Drill
32%
57 Name of Episode 57 The Ember Island Players
32%
48 Name of Episode 48 The Puppetmaster
32%
32 Name of Episode 32 The Serpent's Pass
32%
56 Name of Episode 56 The Southern Raiders
32%
20 What was the name of the Moon Spirit Tui
32%
35 What competition does Sokka become involved in? A poetry competition
31%
44 What is the name of Sokka's Sword Master? Master Piandao
31%
46 Name of Episode 46 The Avatar and the Fire Lord
31%
22 Name of Episode 22 The Cave of Two Lovers
31%
38 What was the eclipse called by Sokka? The Day of Black Sun
31%
31 Name of Episode 31 The Desert
31%
47 Name of Episode 47 The Runaway
31%
60 What are the names of Azula's trainers who get banished for reminding her of Mai and Ty Lee? Lo & Li
30%
23 Name of Episode 23 Return to Omashu
30%
61 Name of Episode 61 Sozin's Comet Part 4: Avatar Aang
30%
17 What is the name of the boy who can fly in a wheelchair? Teo
30%
41 Name of Episode 41 The Awakening
30%
42 Name of Episode 42 The Headband
30%
19 Name of Episode 19 The Siege of the North Part 1
30%
20 Name of Episode 20 The Siege of the North Part 2
30%
15 Name of Episode 15 Bato of the Water Tribe
29%
44 Name of Episode 44 Sokka's Master
29%
54 Name of Episode 54 The Boiling Rock Part 1
29%
55 Name of Episode 55 The Boiling Rock Part 2
29%
16 Name of Episode 16 The Deserter
29%
49 Name of Episode 49 Nightmares and Daydreams
28%
38 Name of Episode 38 The Earth King
28%
53 Name of Episode 53 The Firebending Masters
28%
28 Name of Episode 28 The Chase
27%
50 Name of Episode 50 The Day of Black Sun Part 1: The Invasion
27%
29 Name of Episode 29 Bitter Work
26%
57 In "The Boy in the Iceberg" play, what were Zuko's last words? Honor!
26%
40 Name of Episode 40 The Crossroads of Destiny
26%
41 Who helps Aang to reach the Crescent Island? Princess Yue
25%
18 Name of Episode 18 The Waterbending Master
25%
14 What is the name of the Fortuneteller? Aunt Wu
24%
44 What parting gift did Sokka's Master give him? A White Lotus Pai Sho Tile
24%
51 What was Iroh described as by a dazed guard? A One-Man Army
23%
23 What fake disease did Sokka fake to trick the guards? Pentapox
23%
59 Name of Episode 59 Sozin's Comet Part 2: The Old Masters
23%
17 Who was the inventor of War Balloons? The Mechanist
23%
45 Whose house is the party at? Chan's house
22%
34 Name of Episode 34 City of Walls and Secrets
22%
13 What is the name of the Herbalist's pet cat? Miyuki
22%
58 Name of Episode 58 Sozin's Comet Part 1: The Phoenix King
22%
51 Name of Episode 51 The Day of Black Sun Part 2: The Eclipse
22%
13 What is the name of the elite group tasked to capture Aang? The Yu Yan Archers
22%
9 What species is the pet that the Pirate's own? Iguana-Parrot
21%
57 In "The Boy in the Iceberg" play, what does Sokka tell Yue that she ate for dinner before she became the Moon Spirit? Pickled Fish
21%
60 Name of Episode 60 Sozin's Comet Part 3: Into the Inferno
21%
40 Where were Katara and Zuko being held after being captured by Azula, Mai and Ty Lee? The Crystal Catacombs
21%
24 Name one of the three named Foggy Swamp Tribe members. Tho / Due / Huu
21%
56 What is the name of the leader of the group mentioned above who had recently retired? Yon Rha
21%
29 What species was the animal that Sokka met? Saber-Tooth Moose Lion
20%
42 What instrument does Aang attempt to play in the school band? Tsungi Horn
20%
10 What did Katara make Jet as a present? A hat
19%
10 What was used to destroy the dam and flood the village? Blasting Jelly
19%
54 What is the name of the prisoner who overhears Sokka and Zuko's plans and joins them? Chit Sang
19%
50 Name the Foggy Swamp Waterbender who can bend vines and seaweed. Huu
19%
15 What is the rite of passage that Bato helps Sokka to achieve called? Ice Dodging
19%
50 Who is the Fire Nation guard who was very kind to Iroh? Ming
19%
6 What is the name of above's father? Tyro
19%
27 What is the name of the young boy who was gifted a knife from Zuko? Lee
18%
22 Who is the lead nomad? Chong
17%
19 Who is the man who the Princess was betrothed to? Hahn
16%
14 What is the name of the flower that Aang attempts to retrieve for Katara? Panda Lily
16%
26 Who is the leader of the Earth Rumble VI? Xin Fu
15%
11 What is the name of the creatures that live in the Great Divide? Canyon Crawlers
14%
22 What poisonous bush does Iroh mistake for a delicious tea and turn into tea, poisoning himself? White Jade Bush
14%
25 What is the name of the village that celebrates "Avatar Day" Chin Village
13%
21 What is the name of the General who became obsessed with trying to force Aang into the Avatar State? General Fong
13%
30 Who is the head of anthropology at the Ba Sing Se University? Professor Zei
13%
11 What is the name of the neat tribe who live old and are very clean? Gan-Jins
12%
48 What is the name of the old man who was brought close to the secret cave but escaped? Old Man Ding
12%
6 What is the name of the man in charge of the prison rig? The Warden
12%
39 Where does Sokka meet his father again for the first time in years? Chameleon Bay
11%
61 Which chakra of Aang;s does Ozai accidentally unblock during their final duel? The Thought Chakra
11%
43 What are Dock's two other "personalities"? Xu & Bushi
11%
17 What animal is shown to Aang to cheer him up? Hermit Crab
10%
30 What is the name of the Desert in which the Spirit Library is located? The Si Wong Desert
10%
11 What is the name of the messy tribe who are mostly sick and are not polite. Zhangs
10%
29 What does Sokka name this creature? Foo Foo Cuddlypoops
9%
49 What wooly animal lives in this meeting area? Koala Sheep
9%
8 What was the name of the Fire Sage who chose to help Aang and his friends? Shyu
8%
19 Who is the Chief of the Northern Water Tribe Chief Arnook
7%
31 Who is the leader of the Rough Rhinos? Colonel Mongke
7%
32 Where is the ferry station that will take refugees to Ba Sing Se located? Full Moon Bay
7%
61 What was the location of Aang's final duel with Ozai? Wulong Forest
7%
36 What creature does Appa fight with? Boar-Q-Pine
5%
33 Who said this? General Sung
5%
19 What is the name of the Capital City of the Northern Water Tribe? Agna Qel'a
4%
28 What animals did Azula and her friends ride on? Mongoose Lizards
4%
25 What is the name of the mayor of this village? Mayor Tong
3%
16 What is the name of the festival that Aang and his friends go to? The Fire Days Festival
3%
27 Who is the leader of the soldiers in the small town? Gow
2%
14 What is the name of the village with the famous fortuneteller? Makapu Village
2%
43 What is the name of the extremely polluted village? Jang Hui
1%
49 Where was the intended meeting area for the Day of Black Sun Invasion? The Black Cliffs
1%
No matching quizzes found
Score Distribution
Percent of People with Each Score
Percentile by Number Answered
Your Score History
You have not taken this quiz